Nové trendy ve financích a ekonomice
Salvato in:
| Autore principale: | |
|---|---|
| Natura: | Libro |
| Lingua: | ceco |
| Pubblicazione: |
Praha
Wolters Kluwer
2017
|
| Edizione: | 1. vydání |
| Soggetti: | |
| Tags: |
Nessun Tag, puoi essere il primo ad aggiungerne!!
|
MARC
| LEADER | 00000nam a2200000 4500 | ||
|---|---|---|---|
| 001 | 0258959 | ||
| 005 | 20240221113039.4 | ||
| 020 | |a 978-80-7552-920-6 | ||
| 041 | 0 | |a cze | |
| 044 | |a CZ | ||
| 245 | 1 | 0 | |a Nové trendy ve financích a ekonomice |c David Mareš |
| 250 | |a 1. vydání | ||
| 264 | 1 | |a Praha |b Wolters Kluwer |c 2017 | |
| 300 | |a 217 s. | ||
| 610 | 2 | 0 | |a financie |
| 610 | 2 | 0 | |a hospodárstvo národné |
| 610 | 2 | 0 | |a odvetvia činnosti ekonomickej |
| 610 | 2 | 0 | |a analýzy |
| 610 | 2 | 0 | |a podnik |
| 610 | 2 | 0 | |a systémy informačné |
| 610 | 2 | 0 | |a účtovníctvo |
| 610 | 2 | 0 | |a kontroling |
| 610 | 2 | 0 | |a cash flow |
| 610 | 2 | 0 | |a analýza finančná |
| 610 | 2 | 0 | |a bankovníctvo |
| 610 | 2 | 0 | |a výhody konkurenčné |
| 610 | 2 | 0 | |a výskum |
| 610 | 2 | 0 | |a Česko |
| 100 | 1 | |a Mareš, David | |